Capitales des pays de l'Union européenne sur une carte aléatoire - Statistiques

Statistiques générales
  • Ce quiz a été pris 737 fois
  • Le résultat moyen est 7 sur 8
Réponses sur la Carte
Les réponses sont colorées sur une échelle allant du rouge au vert en fonction du pourcentage des utilisateurs qui les ont devinées à leur premier essai. Vous pouvez retrouver ces pourcentages ci-dessous.
 
Statistiques - réponses
Pays Capitale % Correct
Espagne Madrid
100%
France Paris
100%
Allemagne Berlin
99%
Grèce Athènes
97%
Portugal Lisbonne
97%
Belgique Bruxelles
96%
Luxembourg Luxembourg
96%
Italie Rome
94%
Pologne Varsovie
93%
Irlande Dublin
92%
Hongrie Budapest
91%
Roumanie Bucarest
89%
Tchéquie Prague
89%
Pays-Bas Amsterdam
88%
Autriche Vienne
88%
Suède Stockholm
87%
Finlande Helsinki
86%
Danemark Copenhague
85%
Malte La Valette
84%
Bulgarie Sofia
82%
Slovaquie Bratislava
78%
Lettonie Riga
76%
Estonie Tallinn
76%
Croatie Zagreb
76%
Chypre Nicosie
75%
Slovénie Ljubljana
74%
Lituanie Vilnius
71%
Aucun quiz correspondant
Distribution des résultats
% des personnes avec chaque résultat
Percentile par nombre de réponses
Votre historique - résultats
Vous n’avez pas pris ce quiz